000 00883nas a2200241 4500
001 BR8201577
003 BR-BrBNA
005 20231205085101.0
007 ta
008 230509b bl.|||p| |||| 00| 00por d
040 _aBR-BrBNA
_bpor
_cBiblioteca Nacional de Agricultura
041 _a(Pt)
072 _aK20
110 1 _aInstituto Brasileiro de Desenvolvimento Florestal, Brasilia, DF (Brasil)
_95727
245 1 _aBrasil florestal, ano 2.000: diretrizes estrategicas para o setor florestal brasileiro
246 1 _a[Brazil forestry, year 2000: strategic guidelines for the Brazilian forestry sector]
650 _aADMINISTRACAO FLORESTAL
650 _aDESENVOLVIMENTO FLORESTAL
650 _aFLORESTA
773 0 _tBrasil Florestal (Brazil)
_xISSN 0045-270X
_g(Apr 1982), v. 12(50) p. 7-33
_wBR8201577
909 _a202311
_bLúcia
_c55
_dLúcia Elande
942 _2AGRIS
_n0
_cANA
999 _c109105
_d109105